Statistics for Quiz Title US President ; George Washington Trivia 2

Click here to take the quiz!

General Stats

  • This quiz has been taken 16 times
  • The average score is 11 of 15

Answer Stats

Question Answer % Correct
Washingtons older brother older half-brother Lawrence inherited in 1743 Epsewasson plantation and changed its name to what?Mount Vernon
100%
For two to three years after his fathers death Washington received his formal education at the Fredericksburg school of which Anglican clergyman?James Mayre
100%
In 1749, Washington received a license from the College of William & Mary, and was appointed a What of of Culpeper, Virginia at age 17?Surveyor
100%
In October 1750, Washington had bought almost 1,500 acres in the which Valley.? By 1752 he accumulated 2,315 acres in Which Valley?Shenandoah Valley
100%
In 1751, Washington made his only trip abroad with his brother Lawrence to which country?, hoping the climate would be beneficial to his brother's sickness.Barbados
100%
What illness did his brother Lawrence have?Tuberculosis.
100%
During the trip in 1751, Washington contracted which illnes which left his face slightly scarred?Small Pox
100%
George Washington loved dogs hunting, so it was only natural for him to want to breed the perfect dog. Because of his work, he is occasionally called the Father of?the American Foxhound
100%
How many sibling did George Washington have?9 siblings: 3 brothers, 2 sisters, 3 half-brothers, and 1 half-sister
100%
On April 12, 1743 Washington's father Augustine died, leaving Washington under the care of his mother Mary. Washington inherited what?Pope's Farm and ten slaves
50%
How did Washingtons father Augustine die?Died from a chill not long after being surprised by a sudden downpour of rain while riding his horse
50%
Who saw promise in the young Washington and became his patron and surrogate father?William Fairfax
50%
How old was Washington when his father died?11
0%
Washington's brothers health continued to decline and he died on which date?July 26, 1752
0%
Washington inherited his brothers Mount Vernon estate in which year after the deaths of Lawrence's wife and daughter?1754
0%

Score Distribution

Percentile by Number Answered

Percent of People with Each Score

Your Score History

You have not taken this quiz